| 000 | 00992nam a2200241 a 4500 | ||
|---|---|---|---|
| 008 | 951121s1988||||[C 0 slo c | ||
| 020 | _c70 Kčs. | ||
| 040 |
_aSNK _bslo _cSNK _eAACR2 |
||
| 041 | 1 |
_aslo _hslo |
|
| 044 |
_axo _cSK |
||
| 080 | _a726.52/.54(437.6-25) | ||
| 100 | 1 |
_aBagin, Anton _4aut |
|
| 245 | 1 | 0 |
_aKostoly a kaplnky hlavného mesta SSR Bratislavy _cAnton Bagin, Jozef Krejči ; Jozef Krajči, Jozef Krejči, Ján Motulko |
| 250 | _a1., vyd. | ||
| 260 |
_aBratislava _bCirkevné nakladateľstvo _aS.l. _bSpolok sv. Vojtecha v Trnave [vyd.] _c1988 _eTrnava _fPolygrafické závody |
||
| 300 |
_a216 s., 26,40 AH _bFot. _c24 cm |
||
| 500 | _aLit. 74. Účelová publ. Mest. združenia kat. duchovenstva Pacem in teris hl. mesta SSR Bratislavy. Ilustr. na front. a predsádkach. 74 zázn. v slov., češ., ruš., nem. a maď. | ||
| 700 | 1 |
_aKrejči, Jozef _4aut |
|
| 700 | 1 |
_aKrajči, Jozef _4aut |
|
| 700 | 1 |
_aKrejči, Jozef _4com |
|
| 700 | 1 |
_aMotulko, Ján _4bkd |
|
| 958 | _aA | ||
| 999 |
_c14940 _d14940 |
||